The Feynman lectures on physics (Record no. 7901)

MARC details
000 -LEADER
fixed length control field 00543nam a2200181Ia 4500
003 - CONTROL NUMBER IDENTIFIER
control field IN-BaIIA
005 - DATE AND TIME OF LATEST TRANSACTION
control field 20230127112559.0
008 - FIXED-LENGTH DATA ELEMENTS--GENERAL INFORMATION
fixed length control field 211028s9999 xx 000 0 eng d
040 ## - CATALOGING SOURCE
Transcribing agency IIA Library
080 ## - UNIVERSAL DECIMAL CLASSIFICATION NUMBER
Universal Decimal Classification number 53
Item number FEY-II
100 ## - MAIN ENTRY--PERSONAL NAME
Personal name Feynman, Richard P.
245 #4 - TITLE STATEMENT
Title The Feynman lectures on physics
Remainder of title vol. 2
Statement of responsibility, etc. Richard P. Feynman
260 ## - PUBLICATION, DISTRIBUTION, ETC.
Place of publication, distribution, etc. Massachusetts
Name of publisher, distributor, etc. Addison-Wesley
Date of publication, distribution, etc. 1964
300 ## - PHYSICAL DESCRIPTION
Extent [various pagings.]
650 ## - SUBJECT ADDED ENTRY--TOPICAL TERM
Topical term or geographic name entry element Electromagnetism
9 (RLIN) 540
650 ## - SUBJECT ADDED ENTRY--TOPICAL TERM
Topical term or geographic name entry element Physics
9 (RLIN) 73
942 ## - ADDED ENTRY ELEMENTS (KOHA)
Koha item type Books
Source of classification or shelving scheme Dewey Decimal Classification
Holdings
Withdrawn status Lost status Damaged status Not for loan Home library Current library Shelving location Date acquired Cost, normal purchase price Total Checkouts Full call number Barcode Date last seen Date last checked out Cost, replacement price Price effective from Koha item type Purchase Price
        IIA Library-Bangalore IIA Library-Bangalore General Stacks 05/07/1984 161.82 1 53/ FEY-II 8724 05/12/2022 22/08/2022 161.82 05/07/1984 Books Rs. 161.82

Powered by Koha